[Event "ICS rated bullet match"]
[Site "204.178.125.65"]
[Date "2000.03.14"]
[Round "?"]
[White "Hossa"]
[Black "Beadle"]
[Result "0-1"]
[WhiteElo "2390"]
[BlackElo "2419"]
[PlyCount "84"]

1. c4 Nf6 2. Nc3 e5 3. g3 c6 4. Nf3 e4 5. Ng5 d5 6. cxd5 cxd5 7. d3 h6 8. Nh3
Bb4 9. a3 Bxc3+ 10. bxc3 Qa5 11. Bd2 exd3 12. exd3 O-O 13. Nf4 Re8+ 14. Be2 Bf5
15. c4 Qa6 16. O-O dxc4 17. dxc4 Nbd7 18. Re1 Ne5 19. Nd5 Rac8 20. Bb4 Kh8 21.
Ne7 Rcd8 22. Qb3 Bd3 23. Qc3 Bxe2 24. Qxe5 Bxc4 25. Rac1 b5 26. f3 Rd5 27. Qf4
Rh5 28. Qc7 Qa4 29. Bc3 Qxa3 30. Bxf6 gxf6 31. Rcd1 Kh7 32. Qd7 Qc5+ 33. Kg2
Rf8 34. Nc6 a6 35. g4 Rg8 36. Ra1 Bd5 37. Rac1 Rxh2+ 38. Kxh2 Qf2+ 39. Kh3
Qxf3+ 40. Kh4 Qf2+ 41. Kh3 Qg2+ 42. Kh4 Qh2# 0-1

[Event "ICS Rated standard match"]
[Site "204.178.125.65"]
[Date "2000.03.14"]
[Round "?"]
[White "Beadle"]
[Black "Hossa"]
[Result "1-0"]
[WhiteElo "2464"]
[BlackElo "2248"]
[PlyCount "177"]

1. e4 c5 2. Nf3 d6 3. Bb5+ Nd7 4. O-O Ngf6 5. Nc3 e6 6. d4 cxd4 7. Qxd4 Be7 8.
Be3 O-O 9. Rad1 a6 10. Bxd7 Nxd7 11. Qc4 b5 12. Qb3 Kh8 13. a4 bxa4 14. Qxa4
Rb8 15. Qa2 Bb7 16. Rfe1 Qc7 17. Rd3 a5 18. Red1 Ba6 19. Rd4 Nc5 20. Kh1 f5 21.
exf5 Rxf5 22. Rg4 Rb4 23. Bd4 Bf6 24. Bxc5 Rxg4 25. Qxe6 Qc8 26. Qxc8+ Bxc8 27.
Bxd6 Bb7 28. Rd3 Bxf3 29. gxf3 Rc4 30. f4 Kg8 31. Kg2 Bxc3 32. bxc3 a4 33. Be5
Rc8 34. Bd6 Ra5 35. Ba3 Ra6 36. Kf3 Rac6 37. Bb4 a3 38. Bxa3 Rxc3 39. Bb2 Rxc2
40. Be5 Rc1 41. Rd7 Rg1 42. h4 Ra8 43. Ke4 h5 44. Bd4 Re8+ 45. Be5 Kh8 46. Rd6
Kh7 47. Rd7 Kg8 48. Kf3 Rg4 49. Ke4 Kh7 50. Kd5 Ra8 51. f5 Ra5+ 52. Ke6 Ra6+
53. Kd5 Rg1 54. Ke4 Ra4+ 55. Bd4 Kg8 56. f4 Kf8 57. Kf3 Rg4 58. Be5 Kg8 59.
Rd8+ Kh7 60. Rd7 Rc4 61. f6 Rg1 62. f7 Rf1+ 63. Ke3 Rc8 64. Bd6 Re1+ 65. Kf2
Re4 66. Kf3 Rd4 67. Rc7 Rd8 68. f8=Q Rxf8 69. Bxf8 Kg6 70. Rxg7+ Kf6 71. Rg5
Rd8 72. Bc5 Rd3+ 73. Ke4 Rh3 74. Rxh5 Rh1 75. Bd4+ Kg6 76. Rg5+ Kf7 77. h5 Ke6
78. f5+ Kd6 79. Rg6+ Ke7 80. h6 Kf8 81. Rb6 Ke8 82. Rb8+ Kd7 83. h7 Rh4+ 84.
Kd5 Rxh7 85. Rb7+ Ke8 86. Rxh7 Kd8 87. Bc5 Kc8 88. Kc6 Kd8 89. Rh8# 1-0

[Event "ICS rated blitz match"]
[Site "204.178.125.65"]
[Date "2000.03.15"]
[Round "?"]
[White "Hossa"]
[Black "ComKK"]
[Result "1-0"]
[WhiteElo "2420"]
[BlackElo "2371"]
[PlyCount "177"]

1. e4 e5 2. Nf3 Nc6 3. Bb5 a6 4. Ba4 b5 5. Bb3 Nf6 6. O-O Bc5 7. Bd5 O-O 8.
Bxc6 dxc6 9. d3 Qd6 10. Be3 Bxe3 11. fxe3 c5 12. Nbd2 Ng4 13. Qe2 Rd8 14. h3
Nf6 15. Qf2 Bb7 16. b3 h6 17. Nh4 Bc8 18. Nf5 Bxf5 19. Qxf5 c6 20. a4 Ra7 21.
axb5 cxb5 22. g3 Re7 23. Rf2 Re6 24. Raf1 Qd7 25. g4 a5 26. g5 hxg5 27. Nf3 g4
28. Nxe5 Qc7 29. Nxg4 Nxg4 30. hxg4 Rf6 31. Qg5 Rxf2 32. Rxf2 a4 33. bxa4 bxa4
34. Kg2 a3 35. Rf1 f6 36. Qf5 Qe5 37. Qxe5 fxe5 38. Ra1 Ra8 39. c3 Kf7 40. d4
Kf6 41. Ra2 c4 42. Kg3 g5 43. d5 Ra7 44. Kf3 Ke7 45. Ke2 Kd6 46. Ra1 a2 47. Kd1
Ra3 48. Kd2 Kc5 49. Kc2 Kd6 50. Kb2 Rb3+ 51. Kc2 Ra3 52. Kb2 Ra8 53. Rxa2 Rf8
54. Ra6+ Kd7 55. Rg6 Rf2+ 56. Ka3 Rf3 57. Rxg5 Rxe3 58. Rxe5 Rxc3+ 59. Kb4 Rc1
60. Re6 c3 61. e5 c2 62. Kc3 Rg1 63. Kxc2 Rxg4 64. Kd3 Rg3+ 65. Ke4 Rg4+ 66.
Kf5 Rg1 67. Kf6 Rf1+ 68. Kg6 Re1 69. Kf7 Rh1 70. Rf6 Rh7+ 71. Kg6 Rh2 72. Rf7+
Ke8 73. Ra7 Rb2 74. e6 Kf8 75. Kf6 Rf2+ 76. Ke5 Rf3 77. Rf7+ Rxf7 78. exf7 Kxf7
79. d6 Ke8 80. Ke6 Kd8 81. d7 Kc7 82. Ke7 Kc6 83. d8=Q Kc5 84. Qd3 Kc6 85. Qf5
Kb6 86. Kd7 Kb7 87. Qa5 Kb8 88. Kc6 Kc8 89. Qa8# 1-0

[Event "ICS rated blitz match"]
[Site "204.178.125.65"]
[Date "2000.03.15"]
[Round "?"]
[White "ComKK"]
[Black "Hossa"]
[Result "0-1"]
[WhiteElo "2357"]
[BlackElo "2434"]
[PlyCount "74"]

1. b4 d5 2. Bb2 Qd6 3. a3 e5 4. e3 Nf6 5. Nf3 e4 6. Ne5 Nbd7 7. d4 exd3 8. Nxd3
Be7 9. Nf4 a5 10. b5 O-O 11. c4 dxc4 12. Nd2 g5 13. Nh5 Qd5 14. Nxf6+ Bxf6 15.
Nxc4 Qxb5 16. Bxf6 Nxf6 17. Qd4 Qf5 18. Bd3 Qe6 19. Rb1 b6 20. Nxb6 Rb8 21.
Nxc8 Rxb1+ 22. Bxb1 Rxc8 23. O-O Re8 24. Rc1 Qd6 25. Qc5 Re5 26. Qxc7 Qxa3 27.
h3 Qb2 28. Ba2 Nd5 29. Qd8+ Kg7 30. Rc8 Qa1+ 31. Kh2 Qxa2 32. Qh8+ Kg6 33. Qxe5
f6 34. Qe6 Qd2 35. Rd8 Qxf2 36. Rxd5 Qc2 37. Qxf6+ Kxf6 0-1

[Event "ICS rated blitz match"]
[Site "204.178.125.65"]
[Date "2000.03.15"]
[Round "?"]
[White "Hossa"]
[Black "ComKK"]
[Result "0-1"]
[WhiteElo "2447"]
[BlackElo "2344"]
[PlyCount "130"]

1. e4 c5 2. c3 d5 3. exd5 Qxd5 4. d4 Nf6 5. Nf3 Bg4 6. Be2 e6 7. h3 Bh5 8. O-O
Nc6 9. Be3 cxd4 10. cxd4 Be7 11. Nc3 Qd6 12. Qb3 O-O 13. Rfd1 Rfd8 14. a3 Rac8
15. Rac1 Nd5 16. Nxd5 Qxd5 17. Qxd5 exd5 18. Re1 a5 19. Bb5 Bxf3 20. gxf3 Bf6
21. Bxc6 bxc6 22. Rc5 a4 23. Rec1 Kf8 24. Rxc6 Rxc6 25. Rxc6 Rb8 26. Ra6 Rxb2
27. Rxa4 Ke7 28. f4 Ke6 29. Kg2 Kf5 30. Kf3 Rb5 31. Rb4 Rxb4 32. axb4 Ke6 33.
Ke2 Kd6 34. Kd2 Kc6 35. Kc3 Kb5 36. Kb3 h6 37. f5 Be7 38. Bd2 Bh4 39. f3 Bf2
40. Kc3 Bh4 41. f4 Ka4 42. Kc2 Be7 43. Bc3 Bxb4 44. Bxb4 Kxb4 45. f6 gxf6 46.
Kd3 f5 47. h4 h5 48. Kd2 Kc4 49. Ke3 Kc3 50. Ke2 Kxd4 51. Kd2 Ke4 52. Ke2 d4
53. Kd2 Kxf4 54. Kd3 Ke5 55. Kd2 f4 56. Kd3 f3 57. Kc4 Ke4 58. Kc5 d3 59. Kc6
d2 60. Kc7 d1=Q 61. Kc6 f2 62. Kb5 f1=Q+ 63. Kc5 Qc2+ 64. Kd6 Qf6+ 65. Kd7
Qcc6# 0-1

[Event "ICS rated blitz match"]
[Site "204.178.125.65"]
[Date "2000.03.15"]
[Round "?"]
[White "View"]
[Black "Hossa"]
[Result "0-1"]
[WhiteElo "2583"]
[BlackElo "2426"]
[PlyCount "76"]

1. c4 c5 2. Nc3 Nc6 3. e4 Nd4 4. g3 d6 5. Bg2 Nf6 6. h3 Bd7 7. Nge2 h5 8. d3 h4
9. g4 g6 10. f4 Nh7 11. O-O Bg7 12. Kh2 e6 13. Rb1 g5 14. f5 Nxe2 15. Qxe2 Bc6
16. fxe6 fxe6 17. Be3 Be5+ 18. Kh1 Qe7 19. a3 O-O-O 20. Qd2 Rhf8 21. b4 b6 22.
d4 cxd4 23. Bxd4 Bf4 24. Qe2 Nf6 25. Nb5 e5 26. Bg1 Kb8 27. Rfd1 Bxb5 28. cxb5
Rc8 29. a4 Rc3 30. a5 Qc7 31. axb6 axb6 32. Rb2 Rf7 33. Ra2 Qb7 34. Rxd6 Nxe4
35. Bxe4 Rxh3+ 36. Kg2 Rg3+ 37. Kf1 Be3+ 38. Bf5 Rxg1# 0-1

[Event "ICS rated blitz match"]
[Site "204.178.125.65"]
[Date "2000.03.15"]
[Round "?"]
[White "Hossa"]
[Black "QueenMaxima"]
[Result "1-0"]
[WhiteElo "2429"]
[BlackElo "2379"]
[PlyCount "105"]

1. e4 c5 2. Nf3 e6 3. d4 cxd4 4. Nxd4 Nf6 5. Nc3 Nc6 6. Ndb5 d6 7. Bf4 e5 8.
Bg5 a6 9. Na3 Be7 10. Nc4 Be6 11. Bxf6 gxf6 12. Nd5 Bf8 13. Ncb6 Ra7 14. Bc4 f5
15. exf5 Bxf5 16. Bd3 Be6 17. c4 Bg7 18. O-O e4 19. Bxe4 Bxb2 20. Rb1 Bg7 21.
Qd3 h5 22. Bf5 Rh6 23. Rfe1 h4 24. Qf3 Nd4 25. Qf4 Nxf5 26. Qxf5 h3 27. g3 a5
28. a3 Kf8 29. Rxe6 Rxe6 30. Qxh3 Bd4 31. Nf4 Re4 32. Qf5 Qe8 33. Nd7+ Kg7 34.
Qg4+ Kh8 35. Qh4+ Kg8 36. Qg5+ Kh7 37. Qd5 Re1+ 38. Rxe1 Qxe1+ 39. Kg2 Qxf2+
40. Kh3 Kh8 41. Qxf7 Qf1+ 42. Kh4 Qb1 43. Ng6+ Qxg6 44. Qxg6 b6 45. Qxd6 Rxd7
46. Qxd7 Bg7 47. Qd8+ Kh7 48. Qxb6 Bc3 49. Kg5 Bg7 50. Qb7 a4 51. Qf7 Kh8 52.
Kg6 Bb2 53. Qf8# 1-0

[Event "ICS rated blitz match"]
[Site "204.178.125.65"]
[Date "2000.03.15"]
[Round "?"]
[White "QueenMaxima"]
[Black "Hossa"]
[Result "0-1"]
[WhiteElo "2365"]
[BlackElo "2443"]
[PlyCount "156"]

1. d4 Nf6 2. c4 e6 3. Nf3 b6 4. a3 Ba6 5. e3 d5 6. b3 dxc4 7. bxc4 c5 8. Qa4+
Qd7 9. Qxd7+ Nbxd7 10. a4 cxd4 11. exd4 Bb7 12. Nbd2 Bb4 13. Rb1 Bc3 14. Rb3
Ne4 15. Bd3 Nxd2 16. Bxd2 Bxd2+ 17. Nxd2 Bxg2 18. Rg1 Bc6 19. Rxg7 Nf6 20. Ra3
Rd8 21. Nb3 Kf8 22. Rg1 Rg8 23. Rxg8+ Kxg8 24. a5 Nh5 25. axb6 axb6 26. Ra6 Nf4
27. Bb1 Rb8 28. Nd2 Kh8 29. f3 Be8 30. Ra7 b5 31. c5 b4 32. Ne4 h6 33. Nd6 Kg8
34. Kd2 b3 35. Ra6 Nd5 36. Nxe8 Rxe8 37. Ra7 Rb8 38. Ra4 Kg7 39. Kd3 h5 40. Ra7
h4 41. Ra4 h3 42. Kd2 Kf6 43. Kc1 b2+ 44. Kc2 Ne3+ 45. Kc3 Nf1 46. c6 Ne3 47.
Ra5 Nd5+ 48. Kc4 Rb4+ 49. Kc5 Rb3 50. Kd6 Ne7 51. c7 Rxf3 52. Rb5 Rf4 53. Rb4
Rf2 54. Kd7 Rd2 55. c8=Q Nxc8 56. Kxc8 Rxh2 57. Bh7 Rd2 58. d5 h2 59. Be4 exd5
60. Bf3 Ke5 61. Kb8 Rf2 62. Bh1 Rf1 63. Rxb2 Rxh1 64. Kb7 f5 65. Kb8 f4 66. Kb7
f3 67. Kb6 f2 68. Rxf2 Rb1+ 69. Kc5 h1=Q 70. Re2+ Qe4 71. Rxe4+ dxe4 72. Kc4
Rd1 73. Kb4 e3 74. Kb5 e2 75. Kc5 e1=Q 76. Kc6 Qa5 77. Kb7 Rd7+ 78. Kc6 Rc7#
0-1

[Event "ICS rated blitz match"]
[Site "204.178.125.65"]
[Date "2000.03.15"]
[Round "?"]
[White "Tinker"]
[Black "Hossa"]
[Result "1/2-1/2"]
[WhiteElo "2465"]
[BlackElo "2455"]
[PlyCount "160"]

1. e4 e5 2. Nf3 Nc6 3. d4 exd4 4. Nxd4 Nf6 5. Nxc6 bxc6 6. Nc3 Bb4 7. Qe2 O-O
8. e5 Re8 9. Bg5 d6 10. O-O-O Bxc3 11. bxc3 Rb8 12. Qe3 Ng4 13. Qf4 Qd7 14.
exd6 cxd6 15. Bc4 Ne5 16. Bb3 h6 17. Bxh6 gxh6 18. Qxh6 Qg4 19. Qxd6 Rb6 20.
Qh6 c5 21. Qd2 c4 22. Ba4 Bd7 23. h3 Qf5 24. Bxd7 Reb8 25. Qd4 Nxd7 26. Kd2 Rb2
27. Rc1 Qg5+ 28. Kd1 Qxg2 29. Re1 Nb6 30. Re3 Qd5 31. Ke1 Qxd4 32. cxd4 Rxa2
33. Re5 Rd8 34. Re4 f5 35. Rf4 Ra5 36. Kf1 c3 37. Kg2 Nc4 38. Kh1 Rad5 39. Rg1+
Kf7 40. Rg3 Nd6 41. Rxc3 Nb5 42. Rc5 Nxd4 43. Rxd5 Rxd5 44. c4 Rd7 45. Rh4 Nf3
46. Rf4 Rd1+ 47. Kg2 Nd4 48. Rh4 Kg7 49. c5 a5 50. Rf4 Kf6 51. Rh4 Ke5 52. Rh8
Rc1 53. Rc8 Kf4 54. h4 Nf3 55. h5 Nh4+ 56. Kh2 Kg4 57. f4 Nf3+ 58. Kg2 Rc2+ 59.
Kf1 Kg3 60. Rg8+ Kxf4 61. h6 Rh2 62. c6 Rh1+ 63. Kf2 Rxh6 64. c7 Rh2+ 65. Kf1
Rh1+ 66. Kf2 Rc1 67. c8=Q Rxc8 68. Rxc8 Nd2 69. Ke2 Nb3 70. Kd3 Ke5 71. Kc3 a4
72. Rc4 f4 73. Rxa4 f3 74. Kxb3 f2 75. Ra1 Kd4 76. Kb4 Ke3 77. Kc4 Ke2 78. Kc5
Ke3 79. Rf1 Ke2 80. Rxf2+ Kxf2 1/2-1/2

[Event "ICS rated blitz match"]
[Site "204.178.125.65"]
[Date "2000.03.15"]
[Round "?"]
[White "Hossa"]
[Black "Tinker"]
[Result "0-1"]
[WhiteElo "2455"]
[BlackElo "2465"]
[PlyCount "182"]

1. d4 d5 2. c4 dxc4 3. Nf3 b5 4. a4 c6 5. axb5 cxb5 6. Nc3 Bd7 7. Ne5 f6 8.
Nxd7 Qxd7 9. e3 a6 10. Qh5+ g6 11. Qd5 Ra7 12. Bd2 e6 13. Qxd7+ Rxd7 14. Ne4
Rd5 15. g3 Be7 16. Bg2 Rd7 17. Ba5 f5 18. Nd2 Nh6 19. O-O O-O 20. Rfc1 Kh8 21.
Nf3 Bf6 22. Bb6 g5 23. Bc5 Rc8 24. Rc2 g4 25. Nd2 e5 26. dxe5 Bxe5 27. Bb4 Nf7
28. h3 Ng5 29. hxg4 fxg4 30. Nf1 Rcd8 31. Ba5 Rf8 32. Bb4 Rf6 33. Nh2 h5 34.
Ba5 Kg7 35. Bb4 Rdf7 36. Ba5 Nc6 37. Be1 Ne7 38. Bb4 Nf5 39. Rd2 Ne7 40. Rc2
Kh7 41. Bc5 Ng6 42. Rd1 Rg7 43. Rd5 Nf3+ 44. Bxf3 gxf3 45. Bd4 Re7 46. Bc5 Ref7
47. Rcd2 Kh6 48. Bb4 Re6 49. e4 Nf8 50. Rd8 Nh7 51. Rc2 Kg7 52. Bd2 Nf8 53. Bb4
Ng6 54. Rcd2 h4 55. R8d7 hxg3 56. Rxf7+ Kxf7 57. Nxf3 Ke8 58. fxg3 Bxg3 59. Rg2
Bf4 60. Kf1 Ne7 61. Re2 Rf6 62. Bxe7 Kxe7 63. Nd4 Kd6 64. Ke1 b4 65. Nf5+ Ke5
66. Kd1 Rg6 67. Ke1 Rg1+ 68. Kf2 Rh1 69. Kf3 Rh3+ 70. Kg4 Rb3 71. Kh5 c3 72.
bxc3 bxc3 73. Ne7 Bd2 74. Ng6+ Kd4 75. Rg2 Rb5+ 76. e5 Kc5 77. Rh2 c2 78. Rxd2
c1=Q 79. Rd8 Qh1+ 80. Kg5 Qg2+ 81. Kf5 Qh3+ 82. Kg5 Rb4 83. Rd6 Rg4+ 84. Kf6
Qh7 85. Ne7 Rf4+ 86. Kg5 Qh4+ 87. Kg6 Qxe7 88. Rd3 Qxe5 89. Rc3+ Qxc3 90. Kh5
Qg3 91. Kh6 Rh4# 0-1

[Event "ICS rated blitz match"]
[Site "204.178.125.65"]
[Date "2000.03.15"]
[Round "?"]
[White "Tinker"]
[Black "Hossa"]
[Result "1-0"]
[WhiteElo "2481"]
[BlackElo "2439"]
[PlyCount "145"]

1. e4 e5 2. Nf3 Nc6 3. d4 exd4 4. Nxd4 Nf6 5. Nxc6 bxc6 6. Bg5 h6 7. Bf4 Nxe4
8. Qe2 Qe7 9. f3 Nf6 10. Nc3 Qxe2+ 11. Bxe2 Bb4 12. Bxc7 Nd5 13. Be5 O-O 14.
O-O-O Ne3 15. Rd2 Re8 16. Bd6 a5 17. a3 Bxd6 18. Rxd6 Nxg2 19. Rg1 Nf4 20. Bc4
Re3 21. Na4 Rxf3 22. Nb6 Rb8 23. Nxc8 Rxc8 24. Rxd7 Rf8 25. Rd6 Rh3 26. Rf1 g5
27. Rh1 c5 28. Ra6 Re3 29. Rxa5 Re5 30. b4 h5 31. Rd1 Kg7 32. bxc5 Rc8 33. Rd7
Rf5 34. Kb2 h4 35. Raa7 Rfxc5 36. Rxf7+ Kg6 37. Bb3 Kh5 38. Ba4 Rb8+ 39. Bb3
Rbc8 40. Rfe7 h3 41. a4 Rd8 42. Red7 Rb8 43. a5 Rbb5 44. a6 Rb6 45. Ra8 Ra5 46.
a7 Kg4 47. c4 Rba6 48. c5 Kf3 49. Bc4 Rc6 50. Rad8 Rcxc5 51. Bb3 Kg2 52. a8=Q+
Rxa8 53. Rd2+ Kh1 54. Rxa8 Ng2 55. Be6 Rb5+ 56. Ka1 g4 57. Bxg4 Rb3 58. Rg8 Nf4
59. Re8 Ng2 60. Ka2 Rc3 61. Kb2 Re3 62. Rxe3 Nxe3 63. Be6 Kg1 64. Kc3 Nf1 65.
Re2 Nxh2 66. Bxh3 Nf3 67. Kd3 Nh4 68. Ke4 Kh1 69. Kf4 Kg1 70. Kg3 Ng2 71. Re4
Ne3 72. Rxe3 Kh1 73. Re1# 1-0

[Event "ICS rated blitz match"]
[Site "204.178.125.65"]
[Date "2000.03.15"]
[Round "?"]
[White "Hossa"]
[Black "Tinker"]
[Result "0-1"]
[WhiteElo "2425"]
[BlackElo "2495"]
[PlyCount "106"]

1. e4 e5 2. Nf3 Nf6 3. Nxe5 d6 4. Nf3 Nxe4 5. d4 Nc6 6. Bb5 Bd7 7. O-O Be7 8.
Re1 d5 9. c4 Nd6 10. cxd5 Nxb5 11. dxc6 Bxc6 12. Qe2 Bxf3 13. Qxb5+ Bc6 14. Qe2
Kf8 15. Nc3 h6 16. d5 Bd7 17. Bf4 Rc8 18. Nb5 Bxb5 19. Qxb5 b6 20. Qa6 Bc5 21.
Rac1 Kg8 22. a3 Kh7 23. Qxa7 Qf6 24. Be3 Bxe3 25. Rxe3 Qxb2 26. Rf1 Rhd8 27.
Re7 Kg8 28. Rfe1 Qd2 29. Qa4 Qxd5 30. Qf4 c5 31. Qa4 c4 32. Qa7 b5 33. Qa5 c3
34. Rc7 Qe5 35. Qxc3 Qxc3 36. Rxc3 Rxc3 37. h4 Rxa3 38. Rb1 Rb8 39. g3 b4 40.
Kg2 b3 41. g4 b2 42. g5 Ra1 43. Rxb2 Rxb2 44. Kf3 hxg5 45. hxg5 Ra3+ 46. Ke4
Rxf2 47. Kd5 Rf5+ 48. Ke4 Rxg5 49. Kd4 Ra4+ 50. Kc3 Rg3+ 51. Kb2 Rf4 52. Kc1
Rg2 53. Kd1 Rf1# 0-1

[Event "ICS rated blitz match"]
[Site "204.178.125.65"]
[Date "2000.03.15"]
[Round "?"]
[White "sekere"]
[Black "Hossa"]
[Result "0-1"]
[WhiteElo "2050"]
[BlackElo "2412"]
[PlyCount "26"]

1. e4 e5 2. Nf3 Nc6 3. Bc4 Nf6 4. Ng5 d5 5. exd5 Nd4 6. c3 b5 7. Bf1 Nxd5 8.
cxd4 Qxg5 9. Bxb5+ Kd8 10. O-O Bb7 11. h4 Qxh4 12. dxe5 Nf4 13. f3 Qg3 0-1

[Event "ICS rated standard match"]
[Site "204.178.125.65"]
[Date "2000.03.15"]
[Round "?"]
[White "Hossa"]
[Black "Muffin"]
[Result "1/2-1/2"]
[WhiteElo "2241"]
[BlackElo "2380"]
[PlyCount "161"]

1. e4 d5 2. exd5 Qxd5 3. Nc3 Qa5 4. d4 c6 5. Nf3 Nf6 6. Be2 Bf5 7. Bd2 e6 8.
Nh4 Nbd7 9. Nxf5 Qxf5 10. Bd3 Qa5 11. O-O Qc7 12. Qf3 Bd6 13. Qh3 O-O-O 14. Qh4
h6 15. Be3 g5 16. Qh3 Qa5 17. a3 h5 18. b4 g4 19. Qh4 Qb6 20. d5 Qc7 21. dxc6
bxc6 22. Ba6+ Kb8 23. Rad1 Be5 24. Rd3 Nd5 25. Ne4 f5 26. Nc5 Nxc5 27. bxc5 Ka8
28. Rb1 Rb8 29. Rxb8+ Rxb8 30. Rd1 Qa5 31. Bd3 Nxe3 32. fxe3 Qxc5 33. Qg5 h4
34. Rf1 h3 35. gxh3 gxh3 36. Rf3 Qxa3 37. Rxh3 Qc1+ 38. Bf1 Qxc2 39. Qg2 Qc1
40. Qg6 Qd1 41. Qg2 Qc1 42. Qg6 Rb1 43. Qe8+ Bb8 44. Rf3 Rb2 45. Rg3 Rc2 46.
Qxe6 Bxg3 47. hxg3 Rb2 48. Qxf5 Qxe3+ 49. Kh1 Qh6+ 50. Bh3 Qc1+ 51. Bf1 Kb7 52.
Qd7+ Kb6 53. Qd8+ Kc5 54. Qe7+ Kd5 55. Qd7+ Ke5 56. Qe7+ Kf5 57. Kg1 a5 58.
Qf7+ Ke5 59. Qe7+ Kd5 60. Qd8+ Ke6 61. Qe8+ Kd6 62. Qd8+ Kc5 63. Qf8+ Kd5 64.
Qd8+ Ke4 65. Qe8+ Kf3 66. Qh5+ Ke4 67. Qe8+ Kf5 68. Qf7+ Kg5 69. Qg7+ Kh5 70.
Qf7+ Kh6 71. Qf6+ Kh5 72. Qf7+ Kg5 73. Qg7+ Kf5 74. Qf7+ Ke5 75. Qe7+ Kd5 76.
Qd8+ Ke6 77. Qe8+ Kd6 78. Qd8+ Kc5 79. Qf8+ Kb6 80. Qb8+ Kc5 81. Qf8+ 1/2-1/2

[Event "ICS rated blitz match"]
[Site "204.178.125.65"]
[Date "2000.03.15"]
[Round "?"]
[White "Hossa"]
[Black "View"]
[Result "1-0"]
[WhiteElo "2416"]
[BlackElo "2382"]
[PlyCount "123"]

1. e4 c5 2. Nf3 Nc6 3. d4 cxd4 4. Nxd4 Nf6 5. Nc3 e6 6. Nxc6 bxc6 7. e5 Nd5 8.
Ne4 f5 9. exf6 Nxf6 10. Nd6+ Bxd6 11. Qxd6 Qa5+ 12. Bd2 Qd5 13. Bb4 Qxd6 14.
Bxd6 Ne4 15. Be5 Kf7 16. Rd1 d5 17. Bd3 Nf6 18. O-O a5 19. Bd6 Ba6 20. Rfe1
Bxd3 21. Rxd3 Rhd8 22. Be5 a4 23. Rc3 Ra6 24. Kf1 Rd7 25. Bxf6 Kxf6 26. Rf3+
Ke7 27. Kg1 c5 28. Rh3 h6 29. Rc3 c4 30. Rg3 Kf7 31. Rf3+ Ke7 32. Ra3 Rb7 33.
b3 cxb3 34. axb3 Rc6 35. bxa4 Rxc2 36. Rae3 Rc6 37. Rg3 Kf7 38. Rf3+ Ke7 39.
Rf5 Ra7 40. Rxd5 Rxa4 41. Rd3 Rac4 42. Red1 Rc7 43. Rg3 Kf7 44. Rf3+ Ke7 45.
Rfd3 Rc1 46. h4 Rxd1+ 47. Rxd1 Rc4 48. g3 Kf6 49. Kg2 Rc3 50. Rd4 g6 51. Rd7 h5
52. Rd8 Rb3 53. Rf8+ Kg7 54. Ra8 Kf6 55. Ra2 Rc3 56. Ra4 Rb3 57. Rf4+ Ke7 58.
Rc4 Kf6 59. Rc2 Rd3 60. Rc1 Ra3 61. Rc7 Rc3 62. Rxc3 1-0

[Event "ICS rated blitz match"]
[Site "204.178.125.65"]
[Date "2000.03.15"]
[Round "?"]
[White "View"]
[Black "Hossa"]
[Result "0-1"]
[WhiteElo "2342"]
[BlackElo "2422"]
[PlyCount "80"]

1. c4 e5 2. Nc3 Nf6 3. e4 Bc5 4. g3 Nc6 5. Bg2 d6 6. h3 O-O 7. Nge2 Be6 8. d3
Nd4 9. O-O Qd7 10. Kh2 Nxe2 11. Nxe2 Qc6 12. f4 Rfd8 13. f5 Bd7 14. g4 Ne8 15.
g5 b5 16. b3 Qb6 17. Ng3 Bd4 18. Rb1 bxc4 19. dxc4 Qa5 20. Qe2 f6 21. g6 hxg6
22. fxg6 Rab8 23. a4 Be6 24. Bd2 Qc5 25. Qh5 Qa3 26. Qh7+ Kf8 27. Nh5 Rd7 28.
Qh8+ Bg8 29. h4 Qa2 30. Rbd1 Rxb3 31. Ng3 Rb2 32. h5 Rxd2 33. Rxd2 Qxd2 34. Nf5
Be3 35. Rf3 Bf4+ 36. Kh3 Qc2 37. h6 Qxe4 38. h7 Qxf5+ 39. Kh4 Qg5+ 40. Kh3 Qh5#
0-1

[Event "ICS rated blitz match"]
[Site "204.178.125.65"]
[Date "2000.03.15"]
[Round "?"]
[White "Hossa"]
[Black "View"]
[Result "1/2-1/2"]
[WhiteElo "2427"]
[BlackElo "2231"]
[PlyCount "81"]

1. e4 c5 2. Nf3 Nc6 3. d4 cxd4 4. Nxd4 Nf6 5. Nc3 e6 6. Nxc6 bxc6 7. e5 Nd5 8.
Ne4 f5 9. exf6 Nxf6 10. Nd6+ Bxd6 11. Qxd6 Qa5+ 12. Bd2 Qd5 13. Bb4 Qxd6 14.
Bxd6 Kf7 15. Rd1 Ne8 16. Bc5 d5 17. Bd4 Nf6 18. Bd3 a5 19. Be5 Ba6 20. O-O Bxd3
21. Rxd3 Ra7 22. Rc3 Rc8 23. Rh3 h6 24. Re1 Rb7 25. b3 c5 26. Bxf6 Kxf6 27.
Rf3+ Ke7 28. Rf5 Kd6 29. Rfe5 Re7 30. f4 g6 31. Kf2 c4 32. R1e2 cxb3 33. axb3
a4 34. bxa4 Rc4 35. Kf3 Rxa4 36. g4 Ra3+ 37. Kg2 Ra4 38. Kg3 Ra3+ 39. Kf2 Ra4
40. Kf3 Ra3+ 41. Kg2 1/2-1/2

[Event "ICS rated blitz match"]
[Site "204.178.125.65"]
[Date "2000.03.15"]
[Round "?"]
[White "Hossa"]
[Black "Levius-Primus"]
[Result "1-0"]
[WhiteElo "2422"]
[BlackElo "2080"]
[PlyCount "65"]

1. e4 e5 2. Nf3 d6 3. d4 f5 4. exf5 e4 5. Qe2 Nf6 6. Nbd2 d5 7. Ne5 Nc6 8. Nxc6
bxc6 9. g4 a5 10. g5 Ng8 11. Qh5+ Ke7 12. Bh3 g6 13. fxg6 Bxh3 14. Qxh3 Ke8 15.
Qxh7 Rxh7 16. gxh7 Qxg5 17. h8=Q Qg2 18. Rf1 Bd6 19. c4 Kd7 20. Nb3 Bb4+ 21.
Bd2 dxc4 22. Bxb4 cxb3 23. axb3 Re8 24. Qh7+ Kc8 25. Rxa5 e3 26. Ra8+ Kb7 27.
Rxe8 Nf6 28. Qh8 exf2+ 29. Rxf2 Qg1+ 30. Rf1 Qxd4 31. Rb8+ Ka6 32. Qc8+ Ka7 33.
Qb7# 1-0

[Event "ICS rated blitz match"]
[Site "204.178.125.65"]
[Date "2000.03.15"]
[Round "?"]
[White "Levius-Primus"]
[Black "Hossa"]
[Result "1-0"]
[WhiteElo "2076"]
[BlackElo "2426"]
[PlyCount "67"]

1. d4 d5 2. e4 dxe4 3. Nc3 Nf6 4. f3 exf3 5. Nxf3 e6 6. Bg5 Be7 7. Bd3 c5 8.
dxc5 Qa5 9. O-O Qxc5+ 10. Kh1 Nbd7 11. Qe1 O-O 12. Rb1 Qb6 13. Qh4 Bb4 14. a3
Bxc3 15. bxc3 Qc5 16. Rb5 Qxa3 17. Ne5 h6 18. Bxh6 gxh6 19. Qxh6 Ne4 20. Bxe4
f5 21. Qg6+ Kh8 22. Qh6+ Kg8 23. Qxe6+ Kg7 24. Qg6+ Kh8 25. Nf7+ Rxf7 26. Qxf7
Nf8 27. Bd5 Ne6 28. Bxe6 Bxe6 29. Qf6+ Kg8 30. Qxe6+ Kh8 31. Rbxf5 Qe7 32. Qxe7
Kg8 33. Rg5+ Kh8 34. Qg7# 1-0

[Event "ICS rated blitz match"]
[Site "204.178.125.65"]
[Date "2000.03.15"]
[Round "?"]
[White "NETAO"]
[Black "Hossa"]
[Result "0-1"]
[WhiteElo "2088"]
[BlackElo "2398"]
[PlyCount "24"]

1. e4 e5 2. f4 exf4 3. Nf3 g5 4. Bc4 g4 5. Ne5 Qh4+ 6. Kf1 f3 7. Bxf7+ Ke7 8.
d4 d6 9. Bxg8 Rxg8 10. Nd3 fxg2+ 11. Kxg2 g3 12. hxg3 Qxg3+ 0-1

[Event "ICS rated blitz match"]
[Site "204.178.125.65"]
[Date "2000.03.15"]
[Round "?"]
[White "Hossa"]
[Black "NETAO"]
[Result "1-0"]
[WhiteElo "2403"]
[BlackElo "2083"]
[PlyCount "85"]

1. e4 e5 2. Nf3 Nc6 3. Bb5 f5 4. Nc3 Nf6 5. exf5 Bb4 6. Bxc6 dxc6 7. Nxe5 Bxf5
8. O-O O-O 9. d3 Qd4 10. Nf3 Qg4 11. Be3 Qh5 12. Qd2 Ng4 13. Bf4 Bd6 14. Bxd6
cxd6 15. Rfe1 Bg6 16. Qg5 Qxg5 17. Nxg5 Nxf2 18. Re7 Ng4 19. Rxb7 h6 20. Ne6
Rf7 21. Rxf7 Bxf7 22. Nd4 c5 23. Nf5 d5 24. Ne7+ Kh7 25. Ncxd5 Rd8 26. h3 Bxd5
27. hxg4 Be6 28. g5 hxg5 29. Re1 Rd6 30. Re5 Bxa2 31. Rxg5 g6 32. Rxc5 Re6 33.
Rc7 Kh6 34. Rxa7 Bb1 35. Ng8+ Kg5 36. Rc7 Kh4 37. Kf2 g5 38. Kf3 g4+ 39. Kf4
Kh5 40. Kf5 Rh6 41. g3 Rh8 42. Rg7 Rxg8 43. Rh7# 1-0

[Event "ICS rated blitz match"]
[Site "204.178.125.65"]
[Date "2000.03.15"]
[Round "?"]
[White "NETAO"]
[Black "Hossa"]
[Result "0-1"]
[WhiteElo "2079"]
[BlackElo "2407"]
[PlyCount "52"]

1. e4 e5 2. f4 exf4 3. Nf3 g5 4. Bc4 Bg7 5. h4 h6 6. d4 d6 7. c3 Nc6 8. b4 g4
9. Bxf4 gxf3 10. Qxf3 Nf6 11. Nd2 a5 12. b5 Bg4 13. Qg3 Ne7 14. e5 Nf5 15. Qf2
Nh5 16. Ne4 d5 17. O-O dxe4 18. e6 fxe6 19. Bxe6 Rf8 20. Rae1 Nd6 21. Qe3 Bxe6
22. Bxh6 Rxf1+ 23. Rxf1 Qxh4 24. Bxg7 Nxg7 25. Rf4 Qh5 26. c4 Bxc4 0-1

[Event "ICS rated blitz match"]
[Site "204.178.125.65"]
[Date "2000.03.15"]
[Round "?"]
[White "Hossa"]
[Black "View"]
[Result "1-0"]
[WhiteElo "2411"]
[BlackElo "2247"]
[PlyCount "75"]

1. e4 c5 2. c3 Nf6 3. e5 Nd5 4. d4 cxd4 5. Nf3 e6 6. cxd4 d6 7. a3 Nc6 8. Bd3
dxe5 9. dxe5 Bc5 10. O-O Nce7 11. Nbd2 Ng6 12. Ne4 Be7 13. Bb5+ Bd7 14. Bxd7+
Qxd7 15. b3 O-O 16. Kh1 Rfd8 17. Bb2 Ndf4 18. Qxd7 Rxd7 19. Rfd1 Rad8 20. Rxd7
Rxd7 21. g3 Nd3 22. Bd4 a6 23. b4 Rd5 24. Nc3 Rd8 25. Kg2 Nb2 26. h4 h5 27. Nd1
Nxd1 28. Rxd1 b5 29. Rc1 Ra8 30. Bb6 Rb8 31. Rc6 Bf8 32. Ba7 Rd8 33. Rxa6 Rd5
34. Bd4 Ne7 35. Ra8 g6 36. Bc5 Kg7 37. Ng5 Rxe5 38. Bd4 1-0